000 00462nam a22001697a 4500
003 BD-DhUIB
005 20251012162226.0
008 251012b |||||||| |||| 00| 0 eng d
040 _aBD-DhUIB
_cBD-DhUIB
050 _a657.834076
082 _222
100 _aWild, John and Chiappetta B.
_9984
245 _aFinancial and managerial accounting information for decisions/
_cby Chiappetta B. Wild John.
250 _a2nd ed.
526 _aBBA.
942 _2ddc
_cBK
999 _c523
_d523